Les mécanismes de la conquete coloniale les conquistadores
Salvato in:
| Autore principale: | |
|---|---|
| Natura: | Sconosciuto |
| Lingua: | French |
| Pubblicazione: |
Paris
Flammarion
1972
|
| Serie: | Questions d´histoire
|
| Soggetti: | |
| Tags: |
Aggiungi Tag
Nessun Tag, puoi essere il primo ad aggiungerne!!
|
MARC
| LEADER | 000000000a22000000004500 | ||
|---|---|---|---|
| 001 | 000145 | ||
| 007 | ta | ||
| 008 | 140429s1972 fr |||f |||| 001 0 fre d | ||
| 082 | |a 980 R759m | ||
| 100 | 1 | |a Romano, Ruggiero | |
| 245 | 1 | 4 | |a Les mécanismes de la conquete coloniale |b les conquistadores |c Ruggiero Romano |
| 260 | |a Paris |b Flammarion |c 1972 | ||
| 300 | |a 180 páginas | ||
| 490 | 0 | |a Questions d´histoire | |
| 650 | 4 | |a ESPAÑA |x COLONIAS | |
| 650 | 4 | |a AMERICA |x DESCUBRIMIENTO Y EXPLORACIONES | |
| 942 | |2 ddc |c BK | ||
| 999 | |c 980 |d 980 | ||
